000 07156nam0a22007571 4500
001 RU\NLR\A1\11271
005 20260406163317.0
035 _a(NLR Aleph) 009674058
090 _a9674884
_c9674884
100 _a19980605d1786 m y0rusy50 ca
101 1 _arus
_cfre
102 _aRU
135 _acrcn 024anaba
140 _ay y cayaa0000
200 1 _aОстров невольников,
_eкомедия в одном действий
_fпереведена с французскаго языка М. Г.
210 _aВ Москве
_cпечатано в вольной типографий у Хр. Клаудий
_d1786
215 _a[2], 70 с.
_d
300 _aЦенз.: с указнаго дозволения (тит. л.)
300 _aВ "Цензурной ведомости 1786-1788 годов" сообщается, что рукопись этой комедии "от г. полициймейстера" получил Павел Вырубов.
316 _aЭкз. РНБ (18.131.6.54) является частью владельч. конволюта. Приплетен к: Седен М. Ж. Беглец / драма лирическая в трех действиях г. Седеня ; на музыку положена г. Монсиньи ; переведена с подлинника В[асилием] Л[евшиновым]. Калуга: [тип. Приказа Общественного призрения и Котельникова], 1793. Пятна по всему кн. блоку.
_5NLR: 18.131.6.54
316 _aЭкз. РНБ (18.87.5.51) в картон. пер., обтянутом серой бумагой. На нижней крышке пер. экслибрис Рус. фонда ГПБ с шифром. На тит. л., с.33 и 70 круглый штамп ГПБ. На тит. л., с.1-11 потеки. Размер: 19,3х12,2х1 см
_5NLR: 18.87.5.51
316 _aЭкз. РНБ (138/2800) в картон. пер., обтянутом оранжевой бумагой. На нижней крышке пер. экслибрис Рус. фонда ГПБ с шифром. На корешке бумаж. наклейка, утрачен фрагм. Обрез крапчатый, синий. На форзаце экслибрис Рус. фонда ГПБ с шифром. На нахзаце техн. штамп. На обороте тит. л., с.33 круглый штамп ГПБ.
_5NLR: 138/2800
316 _aЭкз. РНБ (РЗФ 18 в. 3/1952) в белой бумаж. обл. (надорвана). На нижней крышке пер. экслибрис Рус. фонда ГПБ с шифром. На тит. л. круглый штамп "Госуд. Публичн. библиотека. Дублет". На с.70 фрагм. экслибриса ГПБ и техн. штамп. Загрязнения на тит. л., с.3 и 70.
_5NLR: РЗФ 18 в. 3/1952
317 _aВ экз. РНБ (138/2800) на форзаце экслибрис "Из библиотеки для чтения А. Смирдина" (Богомолов. 14508а); на нахзаце шрифтовой ярлык "Антикварная книжная торговля В. И. Клочкова".
_5NLR: 138/2800
317 _aВ экз. РНБ (РЗФ 18 в. 3/1952) на с.70 шрифтовой ярлык "Антикварная книжная торговля В. И. Клочкова".
_5NLR: РЗФ 18 в. 3/1952
317 _aВ экз. РНБ (18.87.5.51) на форзаце экслибрис "Из Библиотеки для чтения А. Смирдина № 7264" (Богомолов. 14508) и штамп "[стерто] книжный магазин". На нахзаце сюжетный ярлык "Антикварная книжная торговля В. И. Клочкова"
_5NLR: 18.87.5.51
317 _aОдин из экз. СПбГТБ из собрания вел. кн. Павла Александровича
_5СПбГТБ
321 1 _aСК XVIII 4048
325 _aКопия доступна в Электрон. б-ке РНБ
482 0 _1001RU\NLR\A1\23016
_12001#$aБеглец$fдрама лирическая в трех действиях г. Седеня$gна музыку положена г. Монсиньи$gпереведена с подлинника В[асилием] Л[евшиновым]
_1210##$aКалуга$c[тип. Приказа Общественного призрения и Котельникова]$d1793
_99688753
_aСеден, М. Ж. (1719-1797)
_cКалуга
_d1793
_fдрама лирическая в трех действиях г. Седеня
_n[тип. Приказа Общественного призрения и Котельникова]
_p81 с.
_tБеглец
620 _dМосква
700 1 _7ca
_8rus
_aМариво
_bП. К. де Ш. де
_f1688-1763
_gПьер Карле де Шамблен де
_3RU\NLR\AUTH\7711286
_9121037
702 1 _4390
_8rus
_7ca
_aСмирдин
_bА. Ф.
_f1795-1857
_gАлександр Филиппович
_3RU\NLR\AUTH\7764528
_947457
702 1 _4390
_7ca
_8rus
_aКлочков
_bВ. И.
_fок.1861-1915
_gВасилий Иванович
_9172600
_3RU\NLR\AUTH\770172651
702 1 _4160
_7ca
_8rus
_aКлочков
_bВ. И.
_fок.1861-1915
_gВасилий Иванович
_9172600
_3RU\NLR\AUTH\770172651
702 0 _aМ. Г.
_4730
702 1 _4390
_8rus
_7ca
_aСмирдин
_bА. Ф.
_f1795-1857
_gАлександр Филиппович
_3RU\NLR\AUTH\7764528
_947457
702 1 _4390
_7ca
_8rus
_aКлочков
_bВ. И.
_fок.1861-1915
_gВасилий Иванович
_9172600
_3RU\NLR\AUTH\770172651
702 1 _4610
_7ca
_8rus
_aКлаудий
_bХ.А.
_f-1805
_gХристофор Александрович
_9232381
_3RU\NLR\AUTH\770232437
702 1 _aВырубов
_bП. П.
_gПавел Петрович
_4570
702 0 _4390
_8rus
_7ca
_aПавел Александрович
_cвеликий князь
_f1860-1919
_3RU\NLR\AUTH\7710047
_9119832
712 0 2 _4610
_aКлаудий,
_cМосква
_gХ. А.,
_hтипография при Театре
_9515361
_3RU\NLR\AUTH\880425419
801 0 _aRU
_bNLR
_c19980605
852 _aNLR
_j18.131.6.54
852 _aNLR
_j18.87.5.51
852 _aNLR
_j138/2800
852 _aNLR
_bРЗФ
_j18 в. 3/1952
856 0 _uhttp://vivaldi.nlr.ru/bx000017549/view
856 1 _uhttp://vivaldi.nlr.ru/bx000017549/cover
856 2 _uhttp://vivaldi.nlr.ru/bx000017549/text
899 _aКостОУНБ
899 _aРГБИ
899 _aРГБ
899 _aБАН
899 _aГПИБ
899 _aСПбГТБ
_y2 экз.
942 _cBOOK
980 _aNB
980 3 _akpcivil
980 3 _akp
980 _aA1XVIIIv
981 2 0 _a(20) Книжные памятники РНБ
_b(20) Русский книжный фонд